000 00777nam a22002297a 4500
999 _c5952
_d5952
003 AR-CdUCM
008 190313b ||||| |||| 00| 0 spa d
040 _aMUNICIPALIDAD PROVINCIAL DEL CUSCO
_cBIBLIOTECA MUNICIPAL DEL CUSCO
082 _a869.50 /
_bB74
100 _aBosch, Juan
_917472
245 _aTrujillo :
_bCausas de una dictadura sin ejemplo /
260 _aLima :
_bPopulibros Peruanos,
300 _a166 paginas ;
_c17 cm.
500 _aDonación familia Nieto
505 _aContenido :Estudio y análisis de de las causas que produjeron y mantienen su existencia ...
650 _aBiografías
_9148
650 _aHistoria
_9136
650 _aRepública Dominicana
_916593
650 _aDocumentos
_97186
942 _2ddc
_cLIBROS
945 _apjha
_d2019-05-03